00529 2200181 4500001002100000005001500021035002000036007000300056008004100059020001800100082001000118084001600128100002100144245008200165260004000247300004300287650001700330INLIS00000000000018420231017023823 a0010-1023000120ta231017 g 0 ind  a979-006-175-7 a633.5 a633.5 MAR p0 aMaruli Pardamean1 aPanduan Lengkap Pengelolaan Kebun dan Pabrik Kelapa Sawit /cMaruli Pardamean aJakarta :bArgoMedia Pustaka,c2008 avi, 226 hlm, :bilus, ;c17 cm x 24 cm 4aKelapa Sawit